01156nam a22002177a 450000500170000000800470001702000180006404000270008204100080010904400070011708200170012410000230014124501600016426004330032430000460075765000160080365000240081965000440084370000250088770000260091220200104041627.0140819|2011 xxu||||| |||| 00| 0 ck spa d a9789588554181 aCO-BoIAVH cCO-BoIAVH  aspa ack a599.53bT86p aTrujillo, Fernando aPlan de Acción para la conservación de los Delfines de Río en Sudamérica: bResumen ejecutivo y avances 2010-2020 cFernando, Trujillo...(et al.) aBogotá D.CbWWFbWildlife Conservation Society bWhitley Fund For Nature-WFNbSociedad Latinoamericana de Especialistas de Mamíferos Acuáticos-SOLAMAC bFundación Omacha bAño Internacional de los Bosques 2011bConservación Internacional Colombia bGlobal Ocean for those who care bWhale and Dolphin Conservation Society-WDCSbFundación La Salle de Ciencias NaturalesbFaunaguabInstituto Humboldt Colombiac2011 a103 p.bFot (col), mapas, tablas.c28 cm. 6aCetáceos  6aMamíferos Marinos 6aDelfines de ríoxHábitos y conducta aCrespo, EnriqueeEd. aVargas, GabrieleFot.